000 00959 a2200241 4500
008 240605b mp ||||| |||| 00| 0 mon d
020 _a978-99973-1-641-7
035 _a5440
040 _aHE0623081
_bmon
_cMN-UlNLM
_dMN-UlNLM
_erda
041 _amon
042 _a9239
084 _2NNA
_a84(0)
_bК.414
100 _aКинни Ж.
245 0 _aДүрсгүй жаалын өдрийн тэмдэглэл:Нохой гаслам халуун өдрүүд=Diary of a Wimpy Kid
264 _aУБ.
_bМонсудар
_c2018
300 _aх.
336 _2rdacontent
_atext
_btxt
337 _2rdamedia
_aunmediated
_bn
338 _2rdacarrier
_avolume
_bnc
490 _v8
650 _aДунд сургуульд тохиолдсон адал явдлуудын тухай Грегийн тэмдэглэл. Сахлаа өдөрт хоёр удаа хусах шаардлагатай томоохон биетэй хөвг...
942 _2NNA
_cBK
999 _c877785
_d877842